[Event "Seville op 41st"]
[Site "Seville"]
[Date "2016.01.08"]
[Round "1"]
[White "Suarez Fernandez, Enrique Oliver"]
[Black "Rizouk, Aimen"]
[Result "0-1"]
[WhiteElo "1850"]
[BlackElo "2511"]
[PlyCount "38"]
[EventDate "2016.01.08"]
[EventType "swiss"]
[EventRounds "9"]
[EventCountry "ESP"]
[SourceTitle "CBM 170 Extra"]
[Source "ChessBase"]
[SourceDate "2016.02.25"]
[SourceVersion "1"]
[SourceVersionDate "2016.02.25"]
[SourceQuality "1"]

1. e3 d5 2. b3 Nf6 3. Bb2 g6 4. Nf3 Bg7 5. d4 0-0 6. c4 c6 7. Nc3 Ne4 8. Bd3 Nxc3 9. Bxc3 Bg4 10. h3 Bxf3 11. Qxf3 e5 12. dxe5 dxc4 13. Bxc4 Bxe5 14. e4 Nd7 15. Rd1 Bxc3+ 16. Qxc3 Qe7 17. 0-0 Nc5 18. Rfe1 Rad8 19. Bxf7+ Kxf7 0-1

[Event "Andalucia-ch"]
[Site "Lucena"]
[Date "2012.04.30"]
[Round "8"]
[White "Domingo Nunez, Alejandro"]
[Black "Suarez Fernandez, Enrique Oliver"]
[Result "1/2-1/2"]
[WhiteElo "1864"]
[BlackElo "1867"]
[PlyCount "52"]
[EventDate "2012.04.26"]
[EventType "swiss"]
[EventRounds "9"]
[EventCountry "ESP"]
[SourceTitle "EXT 2013"]
[Source "ChessBase"]
[SourceDate "2012.11.22"]
[SourceVersion "1"]
[SourceVersionDate "2012.11.22"]
[SourceQuality "1"]

1. e4 e6 2. Nc3 b6 3. Nf3 Bb7 4. d4 Bb4 5. Bd3 Nf6 6. Qe2 d5 7. e5 Ne4 8. Bd2 Nxd2 9. Qxd2 c5 10. 0-0 Nc6 11. Qf4 h6 12. a3 Bxc3 13. bxc3 cxd4 14. cxd4 Qc8 15. Qg4 0-0 16. Rfc1 Ba6 17. c4 Bxc4 18. Bxc4 dxc4 19. Rxc4 Qd7 20. Qe4 Ne7 21. Rac1 Nd5 22. Qc2 Qb5 23. Rb1 Qd7 24. Rc1 Qb5 25. Rb1 Qd7 26. Rc1 Qb5 1/2-1/2

[Event "Andalucia-ch"]
[Site "Lucena"]
[Date "2012.04.30"]
[Round "7"]
[White "Suarez Fernandez, Enrique Oliver"]
[Black "Morales Araujo, Francisco Javier"]
[Result "0-1"]
[WhiteElo "1867"]
[BlackElo "2123"]
[PlyCount "62"]
[EventDate "2012.04.26"]
[EventType "swiss"]
[EventRounds "9"]
[EventCountry "ESP"]
[SourceTitle "EXT 2013"]
[Source "ChessBase"]
[SourceDate "2012.11.22"]
[SourceVersion "1"]
[SourceVersionDate "2012.11.22"]
[SourceQuality "1"]

1. e3 g6 2. b3 Bg7 3. d4 f5 4. Bb2 Nf6 5. Nf3 0-0 6. c4 c6 7. Nc3 Ne4 8. Be2 d5 9. 0-0 e6 10. Nxe4 fxe4 11. Ne5 Qg5 12. Bg4 h5 13. Bh3 Kh7 14. Ba3 Rg8 15. Bd6 Bf8 16. Bxf8 Rxf8 17. Rc1 Na6 18. Qe2 c5 19. cxd5 exd5 20. Bxc8 Raxc8 21. Qb5 Rc7 22. Nd7 Rfc8 23. Nxc5 Qe7 24. b4 Kh6 25. a3 Nb8 26. Nb3 Qd6 27. Rc5 a6 28. Rxd5 Qe6 29. Re5 Qxb3 30. Qb6 Qd3 31. Qf6 Qxf1+ 0-1

[Event "Seville op 33rd"]
[Site "Seville"]
[Date "2008.01.05"]
[Round "1"]
[White "Suarez Fernandez, Enrique Oliver"]
[Black "Matamoros Franco, Carlos S"]
[Result "0-1"]
[WhiteElo "1908"]
[BlackElo "2529"]
[PlyCount "44"]
[EventDate "2008.01.05"]
[EventType "swiss"]
[EventRounds "9"]
[EventCountry "ESP"]
[SourceTitle "CBM 122 Extra"]
[Source "ChessBase"]
[SourceDate "2008.03.04"]
[SourceVersion "1"]
[SourceVersionDate "2008.03.04"]
[SourceQuality "1"]

1. Nf3 Nf6 2. b3 g6 3. Bb2 Bg7 4. e3 0-0 5. c4 d6 6. Be2 e5 7. d3 c5 8. 0-0 Nc6 9. e4 Nh5 10. Nc3 Nf4 11. Nd5 g5 12. Ne1 f5 13. Nxf4 gxf4 14. g4 fxg4 15. Bxg4 Qg5 16. h3 f3 17. Nxf3 Rxf3 18. Qxf3 h5 19. Qg2 hxg4 20. f4 exf4 21. Bxg7 Kxg7 22. h4 Qe5 0-1